Регионална библиотека "Любен Каравелов" - Русе

Der Zigeunerbaron (Запис номер 216746)

MARC детайли
000 -Лидер
Контролно поле с фиксирана дължина 00816nja a2200229 a 4500
003 - Код на организацията, давaща контролен номер
Контролно поле BLK
005 - Дата и час на последна редакция
Контролно поле 20240822114926.0
008 - Елементи от данни с фиксирана дължина
fixed length control field 180410c bul|r|ner|||| 00| c0bul d
010 ## - Наследен системен номер
LC control number CDD00000566005
040 ## - Източник на каталожния запис
Идентификатор на билиотеката - собственик на записа BLK
100 1# - Редна дума - Автор
Автор Strauss, Johann
Дати, свързани с автора 1825 - 1899
R(LIN) 25537
245 10 - Сведения за заглавието
Заглавие Der Zigeunerbaron
Редно поле (дума) Johann Strauss; Йохан Щраус-син; изп. Berliner Philharmoniker.
257 ## - Страна на издаване
Страна на създаване/издаване Германия
380 ## - Жанр
Жанр Изкуство
700 1# - Други автори (авторска отговорност)
Лично име Щраус-син, Йохан
9 (RLIN) 276890
700 1# - Други автори (авторска отговорност)
Лично име Berliner Philharmoniker
Автороска отговорност (Описва отношението между автора и произведението) изп.
9 (RLIN) 387509
773 ## - Описание на основна библиографска единица при аналитични записи (многотомни)
Host Biblionumber 216741
Host Itemnumber 388113
Редна дума на основното описание Strauss, Johann
Заглавие Herbert von Karajan. Die ersten Aufnahmen [CD аудио]
852 ## - Местоположение
Форматна сигнатура Цб CD 4328
942 ## - АРТИКУЛИ
Вид на библиотечния материал Компактдискове
Скрит в OPAC Не
944 ## - СЪЗДАВАНЕ И РЕДАКЦИЯ на ЗАПИСА
Създаване/Редакция Създаване
Дата на регистрацията/редакция 17.05.2017
Служител, извършил регистрацията/редакцията 30560
Статус, дата на статуса Геновева Генчева
944 ## - СЪЗДАВАНЕ И РЕДАКЦИЯ на ЗАПИСА
Създаване/Редакция Редакция
Дата на регистрацията/редакция 17.05.2017
Служител, извършил регистрацията/редакцията Теодора_Стоянова
999 ## - СИСТЕМНИ КОНТРОЛНИ НОМЕРА
Koha biblionumber 216746
Koha biblioitemnumber 216746
Наличности
Код за отписване Код за изгубен артикул Код за повреда Коз за рестрикции Код за отдаване Артикулен № Име на библиотеката - собственик Име на библиотеката, в която се намира в момента Статус (Текущо местоположение) Дата на вписване в системата Местоположение - отдел Цена в лева Инвентарен номер Систематично азбучна сигнатура Баркод Номер на екземпляра Цена в евро Служебна бележка Служебен тип на артикула Бележка за публиката
  Не е изгубен Не е повреден само за читалня ползва се в читалня 388118 Регионална библиотека "Любен Каравелов" Русе Регионална библиотека "Любен Каравелов" Русе Аналитични записи 2018-04-13 Аналитични записи 0.00 900000566005 Цб CD 4328 900000566005 5 0.00 аналитичен запис Статия Това е описние на част от артикул: Herbert von Karajan. Die ersten Aufnahmen [CD аудио]
Vip Innovations Ltd, Rousse, Bulgaria 2025